00263nam a2200109Ia 4500008004100000100002000041245003700061260002100098650001000119942000700129999001700136190216s9999||||xx |||||||||||||| ||und|| aHiralal Badodya 0aHindi-Nirala Sahitya Ka Anusilan bSahitya Samsthan aHindi cBK c15431d15431